00365pab a2200133 454500008004000000100001700040245006000057260000900117300001300126362001000139650003500149650002700184773002000211180718b2008 xxu||||| |||| 00| 0 eng d aTiwary, H.V. aTechno-realism in Indian perspective and its management c2008 ap.11-16. a5 May aScientific development - India aScientific development aUniversity News